000 005490000a22001690004500
090 _aAR
_b03321
245 1 0 _aOn some new or rare birds from the Sierra Nevada de Santa Marta, Colombia
650 1 4 _aOrnitología
_993189
650 1 4 _aAves
_992429
650 1 4 _aTaxonomía
_992343
650 1 4 _aDistribución geográfica
_992997
651 4 _lSierra Nevada de Santa Marta
_dMagdalena
_pColombia
_992749
041 0 _aInglés
100 1 _aBangs, Outram
_996967
942 _cARTICULO
773 1 _tBiological Society of Washington
_3475
_q91-108
_d1899
_g13
999 _c12372
_d12372